LEADER 00749nam a2200193 i 4500 001 000000238131 003 CaOOAMICUS 005 20150120000000.0 008 150120s1827 it u000 u ita u 013 $a217036 026 $a6139 hesa aoe- nepo (3) 1827 (A) 040 $aSeMil$bita 245 10$aVol. 6. 300 $a[4], 160, 45, [3] p. 773 0 $aCingari, Alfonso <1748-1817>$tOpere di monsignor Alfonso Cingari bolognese vescovo di Cagli. Vol. 1. [-10.].$dRoma : Presso Vincenzo Poggioli alla Minerva n. 63, 1825-1828.$g6$w()31286 850 $aSeMil 852 $aSeMil$W1$xVenegono$y1$m3C III 140 FA$j188477$B188477$CSeMilBibl$Z2$F199235 $8I 961 $aRecupero: Bernareggi, Domenico 996 $6245$aVol. 6$9(OLS)http://semarc/title/108698 LEADER 01117nam a2200229 i 4500 001 000000181933 003 CaOOAMICUS 005 20090928000000.0 008 090928s1951 fr u000 u fre u 013 $a159851 040 $aSeMil$bita 100 1 $aHonigmann, Ernest.$0(OLS)http://semarc/name/40557 245 10$aÉvêques et évêchés monophysites :$bd'asie antérieure au 6. siècle /$cPar Ernest Honigmann. 300 $aXXXVI, 286 p., [1] c. geog. ripieg. 490 0 $aCorpus Scriptorum Christianorum Orientalium ;$vVol.127. , Subsidia ; Tomus 2 490 0 $aCorpus Scriptorum Christianorum Orientalium. Subsidia ;$v2 830 0$aCorpus Scriptorum Christianorum Orientalium ;$vVol.127. , Subsidia ; Tomus 2.$0(OLS)http://semarc/title/77 830 0$aCorpus Scriptorum Christianorum Orientalium. Subsidia ;$v2.$0(OLS)http://semarc/title/9539 850 $aSeMil 852 $aSeMil$W1$xVenegono$y1$m2S III 127$j132637$B132637$CSeMilBibl$Z2$F144492 $81 961 $aOmaggio: Altro 996 $6245$aÉvêques et évêchés monophysites :$bd'asie antérieure au 6. siècle$9(OLS)http://semarc/title/261083